000 00921cam a2200277 a 4500
001 1576999
003 OSt
005 20250131092551.0
008 930421s1992 ke b 000 0 eng
010 _a 92982954
040 _aDLC
_cDLC
_dDLC
043 _af------
050 0 0 _aHQ1788
_b.W33 1992
082 _a305.40
_bWAC
100 1 _aWachege, P. N.
245 1 0 _aAfrican women liberation :
_ba man's perspective /
_cP.N. Wachege.
260 _aKiambu, Kenya :
_bP.N. Wachege,
_c1992.
300 _a201 p. ;
_c21 cm.
504 _aIncludes bibliographical references (p. 194-201).
650 0 _aWomen, Black
_zAfrica
_xSocial conditions.
650 0 _aLiberation theology.
650 0 _aWomen
_xReligious aspects
_xChristianity.
906 _a7
_bcbc
_corignew
_d3
_encip
_f19
_gy-gencatlg
942 _2ddc
_cBK
999 _c4072
_d4072